| 000 | 00821nam a22001817a 4500 | ||
|---|---|---|---|
| 005 | 20120203135812.0 | ||
| 020 |
_c _a8174530908 |
||
| 035 | _aB-91741 | ||
| 037 |
_b _adpl |
||
| 082 | _a070.4 | ||
| 100 |
_aमिश्र, चन्द्रप्रकाश _940759 |
||
| 245 | 1 |
_aमीडिया लेखनः सिद्धान्त और व्यवहार/ _cचन्द्रप्रकाश मिश्र |
|
| 260 |
_aनई दिल्ली _bसंजय प्रकाशन _c2003 |
||
| 270 |
_a _b _e _k |
||
| 300 |
_a408पृ. _c22सेमी (सजिल्द) |
||
| 942 |
_adpl _cHN _k _2ddc _h070.4 _mमिश्रच |
||
| 999 |
_c61936 _d61936 |
||